000
003340000a22001450004500
005
20120302065028.0
942
_c
BOOK
100
_a
Joshi, L.M.
245
_a
Gayatri Mantra Sadhana ani Samarthya
260
_a
Pune:Raghuvanshi Prakashan.
300
_a
126P
040
_a
Mar
365
_b
45
650
_a
Gayatri Mantra, Sadhana
999
_c
363711
_d
363708